000 00492nam a2200181Ia 4500
008 151018s9999 xx 000 0 und d
082 _bRBASDV25450
_a891.463
100 _aव बा बोधे
245 _aघूस
250 _b1
260 _bगुलमोहर प्रकाशन सातारा
_c1991
300 _a167
600 _aव बा बोधे
630 _aघूस
700 _aव बा बोधे
730 _aघूस
942 _cBOOK
999 _c1025063
_d1025060